=LDR 00000nam 2200000 4500 =001 INLIS000000000048220 =005 20160921115926.0 =006 =007 =008 =020 ##$$a 979-526-343-9 =035 ##$$0010-091600000000037 =040 ##$$a ind =082 ##$$a 411 =090 ##$$a 411 ejo e.4 =100 ##$$a kep.mendikbud =245 ##$$a ejaan yang di sempurnakan =250 ##$$a cet.4 =260 ##$$a jakarta $b PT.bumi aksara jl.sawo raya no.18 $c 2005 $e jakarta $f sinar grafika offset =300 ##$$a vii 134 hlm $b 17cm =850 ##$$a 0001/BPAP-NTB/2016 =990 ##$$a 20610271